Liedje -> Artiest - Statistieken

Algemene statistieken
  • Deze quiz is 34 keer genomen
  • De gemiddelde score is 13 van 19
Antwoordstatistieken
Hint Antwoord % Correct
Viva La Vida Coldplay
94%
Shape of You Ed Sheeran
94%
Bad Guy Billie Eilish
91%
Rolling in the Deep Adele
88%
Someone Like You Adele
82%
Poker Face Lady Gaga
82%
As It Was Harry Styles
79%
Billie Jean Michael Jackson
79%
Bohemian Rapsody Queen
79%
Shake It Off Taylor Swift
79%
Firework Katy Perry
76%
Umbrella Rihanna
76%
Wonderwall Oasis
64%
Blinding Lights The Weeknd
61%
Wake Me Up Avicii
58%
Bad Habits Ed Sheeran
42%
Counting Stars OneRepublic
39%
Titanium David Guetta
36%
Sweet Child O' Mine Guns N' Roses
33%
Geen overeenkomende quizzen gevonden
Scoreverdeling
Procent van Mensen met Elke Score
Percentiel versus Aantal Correcte Antwoorden
Uw Scoregeschiedenis
U heeft deze quiz nog niet genomen